| 000 | 00714nam a2200217 4500 | ||
|---|---|---|---|
| 001 | 136230 | ||
| 003 | ES-MaACL | ||
| 005 | 20230906195051.0 | ||
| 007 | t| | ||
| 008 | 070214s1972 sp r ||||1| spa d | ||
| 245 | 0 | 3 |
_aLa ruleta del destino... _b: [200 historias] / _c[reunidas por] Pol Quentin ; [y comentadas por Louis Pauwels...] ; versión... Laura García Corella. |
| 260 |
_aBilbao : _bFher, _c1972. |
||
| 300 |
_a200 p. ; _c20 cm. |
||
| 490 | 1 | _aHumor contemporáneo | |
| 700 | 1 |
_aQuentin, Pol. _994522 |
|
| 700 | 1 |
_aPauwels, Louis. _989674 |
|
| 700 | 1 |
_aGarcía Corella, Laura. _954384 |
|
| 830 | 0 |
_aHumor contemporáneo _9219986 |
|
| 852 |
_aES-MaACL _jC-44796 _bR.84028 |
||
| 999 |
_c136230 _d136230 |
||